ՀՀ Գիտությունների ազգային ակադեմիայի հիմնարար գիտական գրադարան  =   Fundamental Scientific Library of NAS RA

Մանուշակներ : (Record no. 105699)

MARC details
000 -LEADER
fixed length control field 01258nam a2200217 u 4500
001 - CONTROL NUMBER
control field 000288903
003 - CONTROL NUMBER IDENTIFIER
control field AM-YeHGA
005 - DATE AND TIME OF LATEST TRANSACTION
control field 20250618071902.0
008 - FIXED-LENGTH DATA ELEMENTS--GENERAL INFORMATION
fixed length control field 031201s1965 ai r 000 0 arm d
040 ## - CATALOGING SOURCE
Original cataloging agency AM-YeHGA
041 0# - LANGUAGE CODE
Language code of text/sound track or separate title arm
090 ## - LOCALLY ASSIGNED LC-TYPE CALL NUMBER (OCLC); LOCAL CALL NUMBER (RLIN)
-- 107023
100 1# - MAIN ENTRY--PERSONAL NAME
Personal name Տեր-Գրիգորյան, Վերգինե
245 10 - TITLE STATEMENT
Title Մանուշակներ :
Remainder of title Բանաստեղծություններ /
Statement of responsibility, etc. Վ. Տեր-Գրիգորյան; Կազմ.՝ Ե. Առաքելյան; Խմբ.՝ Վլ. Հարությունյան; ՀՍՍՌ Կուլտուրայի մինիստր. կուլտ-լուս հիմնարկների գործերի վարչ. ժող. ստեղծ. ռեսպուբլիկ. տուն.
260 ## - PUBLICATION, DISTRIBUTION, ETC.
Place of publication, distribution, etc. Երևան :
Name of publisher, distributor, etc. Հայաստան,
Date of publication, distribution, etc. 1965.
300 ## - PHYSICAL DESCRIPTION
Extent 23 էջ :
Other physical details 1թ. դիմանկ. ;
Dimensions 17 սմ.
650 14 - SUBJECT ADDED ENTRY--TOPICAL TERM
Topical term or geographic name entry element Հայ գրականություն
General subdivision Պոեզիա
700 1# - ADDED ENTRY--PERSONAL NAME
Personal name Առաքելյան, Երջանիկ Գեղամի,
Dates associated with a name 1918-1981
Relator term կազմ.
Relationship com
9 (RLIN) 1982
700 1# - ADDED ENTRY--PERSONAL NAME
Personal name Հարությունյան, Վլ.
Relator term խմբ.
Relationship edt
710 2# - ADDED ENTRY--CORPORATE NAME
Corporate name or jurisdiction name as entry element Կուլտուրայի մինիստրության կուլտ-լուս հիմնարկների գործերի վարչության ժողովրդական ստեղծագործության ռեսպուբլիկական տուն ՀՍՍՌ
Holdings
Withdrawn status Lost status Damaged status Not for loan Collection Home library Current library Date acquired Total checkouts Full call number Barcode Date last seen Cost, replacement price Price effective from Koha item type Public note
        General Fundamental Scientific Library Fundamental Scientific Library 22/12/2016   AI/8901 FL0045597 22/12/2016 27.00 22/12/2016 Գրքեր / Books 30 Days Loan
        General Fundamental Scientific Library Fundamental Scientific Library 22/12/2016   AI/8902 FL0045598 22/12/2016 27.00 22/12/2016 Գրքեր / Books 30 Days Loan
        General Fundamental Scientific Library Fundamental Scientific Library 22/12/2016   AI/8903 FL0045599 22/12/2016 27.00 22/12/2016 Գրքեր / Books 30 Days Loan
        General Fundamental Scientific Library Fundamental Scientific Library 22/12/2016   AI/8968 FL0046312 22/12/2016   22/12/2016 Գրքեր / Books 30 Days Loan
        General Fundamental Scientific Library Fundamental Scientific Library 22/12/2016   AI/8969 FL0046313 22/12/2016   22/12/2016 Գրքեր / Books 30 Days Loan


ՀՀ ԳԱԱ հիմնարար գիտական գրադարան
ՀՀ,Երևան 0019
Մարշալ Բաղրամյան 24/6
հեռախոս:(374-10) 52-47-50
Հետադարձ կապ

All site content, except where otherwise noted, is licensed under a
Creative Commons License